Terminal four : (Record no. 283746)
[ view plain ]
| 000 -LEADER | |
|---|---|
| fixed length control field | 00643cam a22002177a 4500 |
| 003 - CONTROL NUMBER IDENTIFIER | |
| control field | PILC |
| 005 - DATE AND TIME OF LATEST TRANSACTION | |
| control field | 20150908074614.0 |
| 008 - FIXED-LENGTH DATA ELEMENTS--GENERAL INFORMATION | |
| fixed length control field | 100205s2009 ph 000 1 eng |
| 010 ## - LIBRARY OF CONGRESS CONTROL NUMBER | |
| LC control number | 2010338143 |
| 020 ## - INTERNATIONAL STANDARD BOOK NUMBER | |
| International Standard Book Number | 9789719469308 |
| 020 ## - INTERNATIONAL STANDARD BOOK NUMBER | |
| International Standard Book Number | 9719469315 |
| 040 ## - CATALOGING SOURCE | |
| Original cataloging agency | DLC |
| Transcribing agency | DLC |
| Modifying agency | DLC |
| 042 ## - AUTHENTICATION CODE | |
| Authentication code | lcode |
| 050 00 - LIBRARY OF CONGRESS CALL NUMBER | |
| Classification number | PS 9993 |
| Item number | .Y38 2009 |
| 100 1# - MAIN ENTRY--PERSONAL NAME | |
| Personal name | Yasay, Perfecto R. |
| 245 10 - TITLE STATEMENT | |
| Title | Terminal four : |
| Remainder of title | corruption in America's only colony in Asia / |
| Statement of responsibility, etc | Perfecto R. Yasay, Jr. |
| 260 ## - PUBLICATION, DISTRIBUTION, ETC. (IMPRINT) | |
| Place of publication, distribution, etc | Las Pinas City : |
| Name of publisher, distributor, etc | Pagturugang Ibalnon Foundation, |
| Date of publication, distribution, etc | 2009. |
| 300 ## - PHYSICAL DESCRIPTION | |
| Extent | 247 pages : |
| Other physical details | illustrations ; |
| Dimensions | 23 cm. |
| 740 0# - ADDED ENTRY--UNCONTROLLED RELATED/ANALYTICAL TITLE | |
| Uncontrolled related/analytical title | Terminal 4. |
| 942 ## - ADDED ENTRY ELEMENTS (KOHA) | |
| Source of classification or shelving scheme | Library of Congress Classification |
| Koha item type | Books |
| Withdrawn status | Lost status | Source of classification or shelving scheme | Damaged status | Home library | Current library | Shelving location | Date acquired | Source of acquisition | Total Checkouts | Full call number | Barcode | Date last seen | Price effective from | Koha item type | Sub Shelving location |
|---|---|---|---|---|---|---|---|---|---|---|---|---|---|---|---|
| Library of Congress Classification | Archives | Archives | 03/09/2015 | Donation | PS 9993 .Y38 2009 | C19208 | 05/08/2018 | 03/09/2015 | Books | ||||||
| Library of Congress Classification | Archives | Archives | 03/09/2015 | Donation | PS 9993 .Y38 2009 | C19210 | 05/08/2018 | 03/09/2015 | Books | ||||||
| Library of Congress Classification | Archives | Archives | 03/09/2015 | Donation | PS 9993 .Y38 2009 | C19211 | 05/08/2018 | 03/09/2015 | Books | ||||||
| Library of Congress Classification | Archives | Archives | 03/09/2015 | Donation | PS 9993 .Y38 2009 | C19212 | 05/08/2018 | 03/09/2015 | Books | ||||||
| Library of Congress Classification | Archives | Archives | 03/09/2015 | Donation | PS 9993 .Y38 2009 | C19213 | 05/08/2018 | 03/09/2015 | Books | ||||||
| Library of Congress Classification | Archives | Archives | 08/04/2015 | Donation | PS 9993 .Y38 2009 | C19624 | 05/08/2018 | 08/04/2015 | Books | ||||||
| Library of Congress Classification | Archives | Archives | 08/04/2015 | Donation | PS 9993 .Y38 2009 | C19625 | 05/08/2018 | 08/04/2015 | Books | ||||||
| Library of Congress Classification | Archives | Archives | 08/04/2015 | Donation | PS 9993 .Y38 2009 | C19626 | 05/08/2018 | 08/04/2015 | Books | ||||||
| Library of Congress Classification | Archives | Archives | Audio Visual Material Section | 09/08/2015 | Donation | PS 9993 .Y38 2009 | C19963 | 05/08/2018 | 09/08/2015 | Books | |||||
| Library of Congress Classification | College Library | College Library | Filipiniana Section | 03/09/2015 | Library Fund | PS 9993 .Y38 2009 | C19209 | 05/08/2018 | 03/09/2015 | Books | |||||
| Library of Congress Classification | College Library | College Library | Filipiniana Section | 08/04/2015 | Donation | PS 9993 .Y38 2009 | C19623 | 05/08/2018 | 08/04/2015 | Books |